La guerra civil : (Record no. 190795)

MARC details
000 -LEADER
campo de control de longitud fija 01175nam a2200301 i 4500
001 - NÚMERO DE CONTROL
campo de control 190795
003 - IDENTIFICADOR DE NÚMERO DE CONTROL
campo de control ES-MaACL
005 - FECHA Y HORA DE LA ÚLTIMA TRANSACCIÓN
campo de control 20240203125938.0
008 - DATOS DE LONGITUD FIJA--INFORMACIÓN GENERAL
campo de control de longitud fija 220712s2018 sp a 001 0cspa
020 ## - NÚMERO INTERNACIONAL ESTÁNDAR DEL LIBRO
Número Internacional Estándar del Libro 978-84-949516-2-6
080 ## - NÚMERO DE LA CLASIFICACIÓN DECIMAL UNIVERSAL
Número de la Clasificación Decimal Universal 929 Arencibia Gil, José
080 ## - NÚMERO DE LA CLASIFICACIÓN DECIMAL UNIVERSAL
Número de la Clasificación Decimal Universal 929(460.41)"19":7
080 ## - NÚMERO DE LA CLASIFICACIÓN DECIMAL UNIVERSAL
Número de la Clasificación Decimal Universal 94(460)"1936/39"(0:7)
100 1# - ENTRADA PRINCIPAL--NOMBRE DE PERSONA
Nombre de persona Jiménez Martel, Germán.
9 (RLIN) 66559
245 13 - MENCIÓN DEL TÍTULO
Título La guerra civil :
Resto del título José Arencibia Gil y otros artistas canarios /
Mención de responsabilidad, etc. Germán Jiménez Martel.
250 ## - MENCION DE EDICION
Mención de edición 1ª ed.
260 ## - PUBLICACIÓN, DISTRIBUCIÓN, ETC.
Lugar de publicación, distribución, etc. Rivas-Vaciamadrid (Madrid) :
Nombre del editor, distribuidor, etc. Mercurio Editorial,
Fecha de publicación, distribución, etc. 2018.
300 ## - DESCRIPCIÓN FÍSICA
Extensión 297 p. :
Otras características físicas il. col. ;
Dimensiones 24 cm.
504 ## - NOTA DE BIBLIOGRAFÍA, ETC.
Nota de bibliografía, etc. Bibliografía: p. [95]-100.
600 14 - PUNTO DE ACCESO ADICIONAL DE MATERIA--NOMBRE DE PERSONA
Nombre de persona Arencibia Gil, José.
9 (RLIN) 22612
650 #4 - PUNTO DE ACCESO ADICIONAL DE MATERIA--TÉRMINO DE MATERIA
Término de materia o nombre geográfico como elemento de entrada Artistas-
Subdivisión geográfica Canarias-
Subdivisión general Biografías.
9 (RLIN) 174840
651 #0 - PUNTO DE ACCESO ADICIONAL DE MATERIA--NOMBRE GEOGRÁFICO
Nombre geográfico España-
Subdivisión general Historia-
Subdivisión cronológica 1936-1939, Guerra civil-
Subdivisión general Arte y guerra
9 (RLIN) 195505
852 4# - LOCALIZACIÓN
Ubicación ES-MaACL
Número de control de estantería A-15018
itemnumber 197978
Sublocalización o colección A-15018
Ubicación en estantería Depósito 1
Signatura antigua Olim: N-8018
Anotaciones manuscritas Dedicatoria autógrafa del autor
Donativo/Legado Donación: German Jiménez Martel
903 ## - NOMBRE PERSONAL DE DONANTE
9 66559
a Jiménez Martel, Germán
e Donante
942 ## - ELEMENTOS DE ENTRADA SECUNDARIOS (KOHA)
Fuente del sistema de clasificación o colocación Clasificación decimal universal
Tipo de ítem Koha Libro impreso
Holdings
Estatus retirado Estado de pérdida Fuente del sistema de clasificación o colocación Estado de daño No para préstamo Colección Biblioteca de origen Biblioteca actual Ubicación en estantería Fecha de adquisición Fuente de adquisición Total de préstamos Signatura topográfica completa Código de barras Visto por última vez Precio de reemplazo Tipo de ítem Koha Nota pública
    Clasificación decimal universal     Libros con dedicatorias Biblioteca del Ateneo de Madrid Biblioteca del Ateneo de Madrid Depósito 1 12/07/2022 Donación   A-15018 1203066 23/02/2023 23/02/2023 Libro impreso Dedicatoria autógrafa del autor